000 00420nam a2200181Ia 4500
001 24545
005 20260414151050.0
008 260414t2009||||xx |||||||||||||| ||spa||
041 _aESP
082 _a345.72
_bT22
100 _aTaruffo, Michele
_eAUT
245 0 _aLa prueba de los hechos
_b
260 _c2009
300 _a542 páginas :
_c23 cm.
650 _aDER
654 _aCDE
942 _cLIB
_dJUS
_fJUS
_2ddc
_n
999 _c24545
_d24545